000 00609nam a2200229Ia 4500
003 OSt
005 20221005121154.0
006 a|||||r|||| 00| 0
007 ta
008 221004b |||||||| |||| 00| 0 eng d
024 _a58278
037 _cTextual
040 _aCRL
_cCRL
_beng
041 _2eng
_aeng
082 _aV2:25wM66, K6
100 _aMathur D B
_9630204
245 0 _aGokhale
_b A political biography, a study of his services and political ideas.
260 _c1966
650 _aHISTORY
942 _hV2:25wM66, K6
_cTEXL
_2cc
999 _c1040356
_d1040356